I don't have enough faith to be an atheist / (Record no. 8884)

MARC details
000 -LEADER
fixed length control field 01622pam a2200265 a 4500
001 - CONTROL NUMBER
control field 53331647
003 - CONTROL NUMBER IDENTIFIER
control field OCoLC
005 - DATE AND TIME OF LATEST TRANSACTION
control field 20241126110700.0
008 - FIXED-LENGTH DATA ELEMENTS--GENERAL INFORMATION
fixed length control field 031027s2004 ilu b 001 0 eng
010 ## -
-- 2003023631
020 ## - INTERNATIONAL STANDARD BOOK NUMBER
International Standard Book Number 1581345615
040 ## - CATALOGING SOURCE
Original cataloging agency DLC
Transcribing agency DLC
Modifying agency IG#
-- BSC
082 ## - DEWEY DECIMAL CLASSIFICATION NUMBER
Classification number 239
Item number GEI
092 ## - LOCALLY ASSIGNED DEWEY CALL NUMBER (OCLC)
Classification number 239
Item number G313i
100 1# - MAIN ENTRY--PERSONAL NAME
Personal name Geisler, Norman L.
9 (RLIN) 88
245 10 - TITLE STATEMENT
Title I don't have enough faith to be an atheist /
Statement of responsibility, etc. Norman L. Geisler, Frank Turek ; foreword by David Limbaugh.
260 ## - PUBLICATION, DISTRIBUTION, ETC.
Place of publication, distribution, etc. Wheaton, Ill. :
Name of publisher, distributor, etc. Crossway Books,
Date of publication, distribution, etc. c2004.
300 ## - PHYSICAL DESCRIPTION
Extent 447 ;
Dimensions 22 cm.
504 ## - BIBLIOGRAPHY, ETC. NOTE
Bibliography, etc. note Includes bibliographical references (p. [412]-435) and index.
505 0# - FORMATTED CONTENTS NOTE
Formatted contents note Preface: How much faith do you need to believe this book? -- Introduction: Finding the box top to the puzzle of life -- Can we handle the truth? -- Why should anyone believe anything at all? -- In the beginning there was a great surge -- Divine design -- The first life, natural law or divine awe? -- New life forms, from the goo to you via the zoo? -- Mother Teresa vs. Hitler -- Miracles, signs of God or gullibility? -- Do we have early testimony about Jesus? -- Do we have eyewitness testimony about Jesus? -- The top ten reasons we know the New Testament writers told the truth -- Did Jesus really rise from the dead -- Who is Jesus, God or just a great moral teacher? -- What did Jesus teach about the Bible? -- Conclusion: The judge, the Servant King, and the box top.
650 #0 - SUBJECT ADDED ENTRY--TOPICAL TERM
Topical term or geographic name entry element Apologetics.
9 (RLIN) 85
700 1# - ADDED ENTRY--PERSONAL NAME
Personal name Turek, Frank.
9 (RLIN) 15600
856 41 - ELECTRONIC LOCATION AND ACCESS
Materials specified Table of contents
Uniform Resource Identifier <a href="http://www.loc.gov/catdir/toc/ecip0410/2003023631.html">http://www.loc.gov/catdir/toc/ecip0410/2003023631.html</a>
942 ## - ADDED ENTRY ELEMENTS (KOHA)
Source of classification or shelving scheme Dewey Decimal Classification
Koha item type Books
Koha issues (borrowed), all copies 16
Holdings
Withdrawn status Lost status Source of classification or shelving scheme Damaged status Not for loan Home library Current Library Shelving location Date acquired Total checkouts Full call number Barcode Date last seen Date last checked out Copy number Price effective from Koha item type
    Dewey Decimal Classification     GRACE BIBLE COLLEGE GRACE BIBLE COLLEGE Theology 2022-01-14 17 239 GEI 015386 2025-09-16 2025-05-14 c.1 2022-01-14 Books
    Dewey Decimal Classification     GRACE BIBLE COLLEGE GRACE BIBLE COLLEGE Theology 2025-07-07   239 GEI 017065 2025-07-07   c.2 2025-07-07 Books
© Grace Bible College Library 2025